UBT Library

College Algebra 4th/ (Record no. 409)

000 -LEADER
fixed length control field 00571nam a22002177a 4500
005 - DATE AND TIME OF LATEST TRANSACTION
control field 20151201060424.0
008 - FIXED-LENGTH DATA ELEMENTS--GENERAL INFORMATION
fixed length control field 140306b xxu||||| |||| 00| 0 eng d
020 ## - INTERNATIONAL STANDARD BOOK NUMBER
International Standard Book Number 0534405991
080 ## - UNIVERSAL DECIMAL CLASSIFICATION NUMBER
Edition identifier 512.5
Common auxiliary subdivision (075.8)
245 ## - TITLE STATEMENT
Title College Algebra 4th/
250 ## -
-- 5th ed.
260 ## -
-- Australia
-- Brooks/Cole
-- 2004
300 ## -
-- [789] f. :
-- me il.;
-- 26 cm
-- + 1 CD.
500 ## -
-- Index f. [780-788]
650 ## -
-- Algjebra e Përgjithshme
650 ## -
-- Matematika
700 ## -
-- Stewart, James
700 ## -
-- Redlin, Lothar
700 ## -
-- Watson, Saleem
942 ## - ADDED ENTRY ELEMENTS (KOHA)
Source of classification or shelving scheme
Item type Books
Holdings
Withdrawn status Lost status Source of classification or shelving scheme Damaged status Not for loan Collection code Permanent location Current location Shelving location Date acquired Total Checkouts Full call number Barcode Date last seen Koha item type Price effective from
          Koleksioni i përgjithshem UBT - Ferizaj UBT - Ferizaj Koleksioni i përgjithshem 03/06/2014   512.5 (075.8) COLL 003000051 03/06/2014 Books  
          Koleksioni i përgjithshem UBT - Ferizaj UBT - Ferizaj Koleksioni i përgjithshem 03/06/2014   512.5 (075.8) COLL 003000052 03/06/2014 Books  
          Koleksioni i përgjithshem UBT - Ferizaj UBT - Ferizaj Koleksioni i përgjithshem 03/06/2014   512.5 (075.8) COLL 003000053 03/06/2014 Books  
          Koleksioni i përgjithshem UBT - Ferizaj UBT - Ferizaj Koleksioni i përgjithshem 03/06/2014   512.5 (075.8) COLL 003000054 03/06/2014 Books  
          Koleksioni i përgjithshem UBT - Ferizaj UBT - Ferizaj Koleksioni i përgjithshem 03/06/2014   512.5 (075.8) COLL 003000055 03/06/2014 Books  
          Koleksioni i përgjithshem UBT - Ferizaj UBT - Ferizaj Koleksioni i përgjithshem 03/06/2014   512.5 (075.8) COLL 003000056 03/06/2014 Books  
          Koleksioni i përgjithshem UBT - Ferizaj UBT - Ferizaj Koleksioni i përgjithshem 03/06/2014   512.5 (075.8) COLL 003000057 03/06/2014 Books  
          Koleksioni i përgjithshem UBT - Ferizaj UBT - Ferizaj Koleksioni i përgjithshem 03/06/2014   512.5 (075.8) COLL 003000058 03/06/2014 Books  
          Koleksioni i përgjithshem UBT - Ferizaj UBT - Ferizaj Koleksioni i përgjithshem 03/06/2014   512.5 (075.8) COLL 003000059 03/06/2014 Books  
          Koleksioni i përgjithshem UBT - Ferizaj UBT - Ferizaj Koleksioni i përgjithshem 03/06/2014   512.5 (075.8) COLL 003000060 03/06/2014 Books  
          Koleksioni i përgjithshem UBT - Ferizaj UBT - Ferizaj Koleksioni i përgjithshem 03/06/2014   512.5 (075.8) COLL 003000061 03/06/2014 Books  
          Koleksioni i përgjithshem UBT - Ferizaj UBT - Ferizaj Koleksioni i përgjithshem 03/06/2014   512.5 (075.8) COLL 003000062 03/06/2014 Books  
          Koleksioni i përgjithshem UBT - Ferizaj UBT - Ferizaj Koleksioni i përgjithshem 03/06/2014   512.5 (075.8) COLL 003000063 03/06/2014 Books  
          Koleksioni i përgjithshem UBT - Ferizaj UBT - Ferizaj Koleksioni i përgjithshem 03/06/2014   512.5 (075.8) COLL 003000064 03/06/2014 Books  
          Koleksioni i përgjithshem UBT - Ferizaj UBT - Ferizaj Koleksioni i përgjithshem 03/06/2014   512.5 (075.8) COLL 003000065 03/06/2014 Books  
          Koleksioni i përgjithshem UBT - Ferizaj UBT - Ferizaj Koleksioni i përgjithshem 03/06/2014   512.5 (075.8) COLL 003000066 03/06/2014 Books  
          Koleksioni i përgjithshem UBT - Lipjan UBT - Lipjan Koleksioni i përgjithshem 12/01/2015   512.5 (075.8) STE   12/01/2015 Books 12/01/2015
UBT Library © 2015-2024. All rights reserved University Education for Business and Technology